Oblastné plánovanie a priestorová ekonomika

Saved in:
Bibliographic Details
Format: Book
Language:Slovak
Published: Bratislava Výskumný ústav oblastného plánovania 1970
Series:VÚOP - Informácie a štúdie 16/70
Tags: Add Tag
No Tags, Be the first to tag this record!

MARC

LEADER 00000nam a2200000 4500
001 c122010
005 20161011104303.1
041 0 |a slo 
044 |a SK 
245 1 0 |a Oblastné plánovanie a priestorová ekonomika 
264 1 |a Bratislava  |b Výskumný ústav oblastného plánovania  |c 1970 
300 |a [50] s. 
490 1 |a VÚOP - Informácie a štúdie  |v 16/70 
830 0 |a VÚOP - Informácie a štúdie  |v 16/70